Minecraftowi Youtuberzy - Statystyki

Ogólne statystyki
  • Ten quiz został rozwiązany 3 023 razy
  • Średni wynik to 3 z 5
Statystyki odpowiedzi
Specjalizacja Youtuber % Poprawnych
Każdy go zna... rymuje się z koxu Roxmb
75%
Nagrywa ze swoją dziewczyną Vito Minecraft
68%
Nagrywa serie "Ogromny vs Ogromny" Doknes
49%
Stworzył Headwars Szymeq
43%
Nagrywa filmy fabularne GPlay
33%
Nie znaleziono quizów pasujących do podanych kryteriów
Rozkład punktacji
Procent ludzi z każdym wynikiem
Percentyl według liczby udzielonych odpowiedzi
Twoja historia wyników
Nie rozwiązałeś tego quizu